000 00519nam a2200181Ia 4500
001 24585
005 20260414151053.0
008 260414t2015||||xx |||||||||||||| ||spa||
041 _aESP
082 _a345.721
_bB141 V. 31
100 _aCollantes González, Jorge Luis
_eAUT
245 0 _aArbitraje :
_bestudios de arbitraje internacional (entre la práctica y la investigación científica)
260 _c2015
300 _a571 páginas :
_c24 cm.
650 _aDER
654 _aCDE
942 _cLIB
_dJUS
_fJUS
_2ddc
_n
999 _c24585
_d24585